| 000 | 01178ny a22003253n 4500 | ||
|---|---|---|---|
| 005 | 20240305165339.0 | ||
| 007 | t| | ||
| 008 | 090209c19uu9999us mx p| 0 a0eng c | ||
| 010 | _a2009202214 | ||
| 022 | 0 | _a1947-4164 | |
| 035 | _a5210 | ||
| 040 |
_aNSDP _cNSDP _dvLex |
||
| 050 | 0 | 0 |
_aZ119 _b.G37 |
| 050 | 0 | 0 |
_aZ119 _b.G37 |
| 082 | 1 | 0 |
_a686 _214 |
| 090 |
_c1974 _d1974 |
||
| 245 | 0 | 0 |
_aPrinting Industries of America, the magazine _h[Recurso electrónico] |
| 256 | _aServicio en línea | ||
| 260 |
_aEstados Unidos : _bPrinting Industries of America |
||
| 310 | _aMensual | ||
| 506 | 1 |
_aContenido solo disponible en los productos indicados _dvLex Global _dvLex Global (Academic Edition, excluding Law Schools) _dvLex Global (U.S. Academic Edition, excluding Law Schools) |
|
| 650 | 0 | 4 |
_aArtes gráficas _zEstados Unidos _xPublicaciones periódicas |
| 650 | 0 | 4 |
_aImprentas _zEstados Unidos _xPublicaciones periódicas |
| 710 | 2 | _aPrinting Industries of America | |
| 740 | _avLex Revista (Servicios en línea) | ||
| 843 | _aElectrónica. Abierta | ||
| 853 |
_81 _i(year) _j(month) _k(day) |
||
| 856 | 4 | 0 | _uhttp://vlex.com/account/login_ip?fuente_id=5210 |
| 942 | _cRAA | ||
| 999 |
_c160423 _d160423 |
||